Statystyki dla 50 najbogatszych państw świata

Kliknij tutaj aby rozwiązać quiz!

Ogólne statystyki

  • Ten quiz został rozwiązany 149 razy
  • Średni wynik to 41 z 50

Statystyki odpowiedzi

PKB państwa (w mln dolarów)Państwo% Poprawnych
21 433 225Stany Zjednoczone
98%
23 393 004Chiny
97%
2 006 054Hiszpania
97%
4 672 006Niemcy
97%
1 309 450Polska
97%
3 254 845Francja
96%
3 254 845Wielka Brytania
96%
3 222 990Brazylia
95%
5 450 654Japonia
95%
1 920 997Kanada
95%
4 135 992Rosja
95%
9 542 255Indie
93%
570 754Szwecja
93%
2 665 524Włochy
93%
1 033 456Argentyna
92%
1 230 831Egipt
91%
1 677 383Arabia Saudyjska
90%
1 345 676Australia
90%
2 625 895Meksyk
90%
1 028 581Holandia
89%
2 304 833Korea Południowa
89%
2 471 660Turcja
86%
454 426Czechy
85%
761 824Republika Południowej Afryki
85%
618 928Belgia
84%
615 309Szwajcaria
84%
3 331 872Indonezja
82%
372 471Portugalia
82%
521 336Austria
81%
1 044 819Iran
80%
478 771Chile
79%
560 976Ukraina
78%
869 044Kolumbia
74%
441 962Peru
74%
455 165Irlandia
73%
683 523Zjednoczone Emiraty Arabskie
72%
509 307Algieria
71%
1 065 373Pakistan
71%
1 075 694Nigeria
70%
1 257 446Tajwan
70%
447 867Irak
69%
1 339 643Tajlandia
69%
1 016 475Wietnam
67%
508 501Kazachstan
66%
605 792Rumunia
62%
1 003 853Filipiny
61%
378 203Izrael
60%
578 673Singapur
58%
869 044Bangladesz
56%
944 565Malezja
55%

Rozkład punktacji

Percentyl według liczby udzielonych odpowiedzi

Procent ludzi z każdym wynikiem

Twoja historia wyników

Nie rozwiązałeś tego quizu